000 00741nam a2200229 a 4500
001 6163
003 BD-RjUL
005 20211208234209.0
008 160901s1953 nyua 001 0 eng d
035 _a(BD-RjUL)6202
040 _aDLC
_cODaWU
_dOCoLC
_dDLC
_d(BD-RjUL)
_beng
041 _aeng
082 0 0 _a511.3
_bROL 1953
_223
100 1 _aRosser, J. Barkley
_q(John Barkley),
_d1907-
_919394
245 1 0 _aLogic for mathematicians /
_cRosser, J. Barkley
260 _aNew York ;
_atoronto ;
_alondon :
_bMcGraw-Hill,
_cc1953.
300 _a530 p. :
_bill ;
_c24 cm.
500 _aIncludes Index
650 0 _aLogic, Symbolic and mathematical.
_919396
942 _2ddc
_cBK
999 _c6163
_d6163